• 首页
  • 本馆介绍
  • 公告通知
  • 最新文献
  • 馆藏检索
  • 电子资源
  • 读者导购
  • 参考咨询
  • 我的图书馆
  • 登录
  • 详细信息显示
  • 放入我的书架
  • 预约/预借图书
  • 作者相关作品
  • 分类相关作品
  • 丛书相关作品
  • 出版社相关作品

书目信息

  • 表格格式
  • 工作单格式
  • 卡片格式
题名:
给我一个面具
    
 
作者: 邱志杰 著
分册:  
出版信息: 北京   中国人民大学出版社  2003
页数: 308页
开本: 24cm
丛书名: 朗朗书房
单 册:
中图分类: J052
科图分类:
主题词: 艺术评论--中国--现代
电子资源:
ISBN: 7-300-04790-4
000 01192nam0 2200337 450
000 01155nam0 2200325 450
000 01151nam0 2200337 450
000 01097nam0 2200313 450
000 01093nam0 2200301 450
000 01056nam0 2200289 45
001 TS2006028173
005 20070115163108.56
010    @a7-300-04790-4@dCNY49.80
100    @a20060829d2003 em y0chiy0110 ea
101 0  @achi
102    @aCN@b110000
105    @aa z 000yy
200 1  @a给我一个面具@Agei wo yi ge mian ju@f邱志杰著@FQiu Zhi Jie Zhu
210    @a北京@c中国人民大学出版社@d2003
215    @a308页@c图@d24cm
225 2  @a朗朗书房@i当代中国艺术批评文丛@v3
330    @a本书作者亲历了20世纪90年代以来中国当代艺术成长历程中的风风雨雨。全书包括各种重要展览的策展文章、策划过程纪实和对重要艺术家和艺术现象的分析和评论。
410  0 @12001 @a朗朗书房@i当代中国艺术批评文丛@v3
510 1  @aGive Me a Mask@zeng
606 0  @a艺术评论@y中国@z现代
690    @aJ052@v4
701  0 @a邱志杰@Aqiu zhi jie@4著
801  0 @aCN@b中图数据@c20070115
905    @a10447@dJ052@e115:3
    
    给我一个面具/邱志杰著.-北京:中国人民大学出版社,2003
    308页:图;24cm.-(朗朗书房.当代中国艺术批评文丛;3)
    
    
    ISBN 7-300-04790-4:CNY49.80
    本书作者亲历了20世纪90年代以来中国当代艺术成长历程中的风风雨雨。全书包括各种重要展览的策展文章、策划过程纪实和对重要艺术家和艺术现象的分析和评论。
●
相关链接 在E读中查询图书 在五车中查询图书 在当当中查询图书 在豆瓣中查询图书


正题名:给我一个面具     索取号:J052/115:3         预约/预借

序号 登录号 条形码 馆藏地/架位号 状态 备注
1 0617912   206179124   第一样本阅览室/ [索取号:J052/115:3] 在馆    
2 0617913   206179133   第一借阅区/ [索取号:J052/115:3] 在馆    
3 0617914   206179142   第一借阅区/ [索取号:J052/115:3] 在馆    
唐山师范学院图书馆 欢迎您!
大连网信软件有限公司© 版权所有